villes jumelées a Nice - Statistiques

Statistiques générales
  • Ce quiz a été pris 4 fois
  • Le résultat moyen est 6 sur 12
Statistiques - réponses
Pays Année Ville % Correct
Belgique 1954 Bruges
75%
États unis 1963 Miami
75%
Allemagne 1954 Nuremberg
75%
Italie 1954 Venise
75%
Espagne 1968 Alicante
50%
Suisse 1954 Locarno
50%
Italie 1963 Naples
50%
Italie 1964 Coni
25%
États unis 1973 Houston
25%
Hongrie 1969 Szeged
25%
Grece 1984 Thessalonique
25%
Ukraine 1960 Yalta
25%
Aucun quiz correspondant
Distribution des résultats
% des personnes avec chaque résultat
Percentile par nombre de réponses
Votre historique - résultats
Vous n’avez pas pris ce quiz